00578nam a2200157Ia 4500008004100000040001700041041001200058082001800070100002100088245010300109260002700212300001600239942000700255952013900262999001900401230917s9999||||xx |||||||||||||| ||und|| e100937aMAIN aEnglish a341.2 M 897 A aMuldoon, James P 4aThe Architecture of Global Governance: An introduction to the study of international organizations aOxfordbWestviewc2004 axiv, 322 p. cBK 0010406341_200000000000000_M_897_A709189345aMAINbMAINd2004-03-18l0o341.2 M 897 Ap217018r2023-09-17 21:19:37w2023-09-17yBK c122423d122423